- Biblia y ciencia
Entrada Tema o Materia
Número de registros utilizados en: 2
001 - NUMERO DE CONTROL
- Campo de control: 7327
003 - IDENTIFICADOR DEL NUMERO DE CONTROL
- Campo de control: SpMaBN
005 - HORA Y FECHA DE LA ULTIMA TRANSACCIÓN
- Campo de control: 20220708172041.0
008 - CAMPO DE LONGITUD FIJA
- Campo fijo de descripción fija: 200487 n anznnbabn a ana
016 ## -
- : BNE19923470217
024 7# -
- : http://id.loc.gov/authorities/subjects/sh85013804
- : lcsh
024 7# -
- : http://data.bnf.fr/ark:/12148/cb11945336q
- : rameau
024 7# -
- : http://lemac.sgcb.mcu.es/Autoridades/LEMAC201203584/concept
- : lemac
024 7# -
- : http://lemav.sgcb.mcu.es/Autoridades/LEMAV2015063519/concept
- : lemav
040 ## -
- : SpMaBN
- : spa
- : SpMaBN
- : rdc
- : embne
042 ## -
- : 199611071056PCMPBC BNEP300
080 ## -
- : 27-23:001
- : mrf12
080 ## -
- : 26-24:001
- : mrf12
150 ## - ENCABEZAMIENTO DE MATERIA-TEMA
- Téma o Materia: Biblia y ciencia
450 ## - REFERENCIA DE ENVIO “VEASE” - MATERIA
- Encabezamiento temático : Ciencia y Biblia
550 ## - REFERENCIA DE ENVIO "VEASE ADEMAS" - MATERIA
- Subcampo de control: g
- Encabezamiento temático o nombre geográfico como elemento de entrada: Religión y ciencia
550 ## - REFERENCIA DE ENVIO "VEASE ADEMAS" - MATERIA
- Encabezamiento temático o nombre geográfico como elemento de entrada: Cosmología bíblica
670 ## - FUENTE EN LA QUE SE LOCALIZARON DATOS
- Cita de la fuente : LCSH
- Información localizada : (Bible and science)
670 ## - FUENTE EN LA QUE SE LOCALIZARON DATOS
- Cita de la fuente : CSIC
- Información localizada : (Biblia y Ciencia)
670 ## - FUENTE EN LA QUE SE LOCALIZARON DATOS
- Cita de la fuente : RAMEAU
- Información localizada : (Bible et sciences)
750 #7 - ASIENTO LIGADO AL ENCABEZAMIENTO - TEMATICO
- Encabezamiento temático : Bible et sciences
- Source of heading or term: rameau
750 #7 - ASIENTO LIGADO AL ENCABEZAMIENTO - TEMATICO
- Encabezamiento temático : Bible and science
- Source of heading or term: lcsh
750 #7 - ASIENTO LIGADO AL ENCABEZAMIENTO - TEMATICO
- Encabezamiento temático : Bíblia i ciència
- Source of heading or term: lemac
750 #7 - ASIENTO LIGADO AL ENCABEZAMIENTO - TEMATICO
- Encabezamiento temático : Biblia eta Zientzia
- Source of heading or term: lemav
901 ## -
- : LAEMBNE
961 ## -
- : Biblia y ciencia
